[Event "Regionalliga SO 9697"]
[Site "Bayern"]
[Date "1997.05.04"]
[Round "9"]
[White "Cuadrado, Guillermo"]
[Black "Middelhoff, Cornelius"]
[Result "1-0"]
[WhiteElo "2155"]
[BlackElo "2165"]
[PlyCount "43"]
[EventDate "1996.10.13"]
[EventType "team-tourn"]
[EventRounds "9"]
[EventCountry "GER"]
[SourceTitle "EXT 1999"]
[Source "ChessBase"]
[SourceDate "1998.11.16"]
[SourceVersion "1"]
[SourceVersionDate "1998.11.16"]
[SourceQuality "1"]
[WhiteTeam "Dorfen PSV"]
[BlackTeam "Freising SK"]
[WhiteTeamCountry "GER"]
[BlackTeamCountry "GER"]

1. d4 f5 2. g3 Nf6 3. Bg2 g6 4. Nh3 Bg7 5. Nf4 d5 6. h4 Ne4 7. c3 Bf6 8. Nd2 0-0 9. Nf3 c6 10. Nd3 Be6 11. Bh6 Bg7 12. Qc1 Bf7 13. Nfe5 Nd7 14. h5 Nxe5 15. Nxe5 Bxh6 16. Qxh6 gxh5 17. Bf3 Qd6 18. Qf4 Bg6 19. Bxh5 Bxh5 20. Rxh5 Qe6 21. 0-0-0 Nf6 22. Qg5+ 1-0

[Event "Regionalliga SO 9697"]
[Site "Bayern"]
[Date "1996.11.17"]
[Round "2"]
[White "Bielmeier, Ludwig"]
[Black "Middelhoff, Cornelius"]
[Result "1/2-1/2"]
[WhiteElo "2070"]
[BlackElo "2045"]
[PlyCount "147"]
[EventDate "1996.10.13"]
[EventType "team-tourn"]
[EventRounds "9"]
[EventCountry "GER"]
[SourceTitle "EXT 1999"]
[Source "ChessBase"]
[SourceDate "1998.11.16"]
[SourceVersion "1"]
[SourceVersionDate "1998.11.16"]
[SourceQuality "1"]
[WhiteTeam "Deggendorf"]
[BlackTeam "Freising SK"]
[WhiteTeamCountry "GER"]
[BlackTeamCountry "GER"]

1. d4 f5 2. g3 Nf6 3. Bg2 g6 4. Nf3 Bg7 5. c4 0-0 6. 0-0 d6 7. d5 Na6 8. Nc3 Qe8 9. Rb1 Bd7 10. b3 c5 11. a4 Nc7 12. Bb2 b6 13. Qc1 a6 14. Ra1 b5 15. axb5 axb5 16. Rxa8 Qxa8 17. Qc2 bxc4 18. bxc4 Rb8 19. Nd2 Na6 20. Ra1 Qb7 21. Nd1 Nb4 22. Qc1 Ra8 23. Nc3 Ra6 24. Rxa6 Qxa6 25. Qa1 Qxa1+ 26. Bxa1 Ne8 27. Kf1 Nc7 28. Nb3 Na8 29. Nb5 Bxa1 30. Nxa1 Bxb5 31. cxb5 Nb6 32. Nb3 N4xd5 33. Na5 Nc7 34. Bc6 Kf7 35. Ke1 e6 36. f3 Ke7 37. Nb7 c4 38. Kd2 d5 39. Kc3 e5 40. Kb4 d4 41. Na5 c3 42. Kc5 Na4+ 43. Kb4 c2 44. Nb3 Nc3 45. Nc1 Kd6 46. Kc4 Ne6 47. e3 Nd1 48. exd4 Nxd4 49. Ba8 Ne3+ 50. Kd3 Nd5 51. Bxd5 Kxd5 52. b6 Kc6 53. f4 Nf3 54. fxe5 Nxh2 55. Kxc2 Kxb6 56. Kd3 Nf3 57. e6 Kc6 58. Ke3 Ng5 59. Kf4 Nxe6+ 60. Ke5 Ng5 61. Ne2 Kc5 62. Kf4 Nf7 63. g4 fxg4 64. Kxg4 Kd5 65. Kf4 Ke6 66. Nc3 h6 67. Ne4 Nd6 68. Nc5+ Kf6 69. Nd7+ Kg7 70. Ke5 Nf7+ 71. Kf4 h5 72. Nc5 Kh6 73. Nd7 Kg7 74. Nc5 1/2-1/2

[Event "Regionalliga SO 9495"]
[Site "Bayern"]
[Date "1995.??.??"]
[Round "?.3"]
[White "Knechtel, Roland"]
[Black "Middelhoff, Cornelius"]
[Result "1/2-1/2"]
[WhiteElo "2105"]
[BlackElo "2070"]
[PlyCount "77"]
[EventDate "1994.10.??"]
[EventType "team-tourn"]
[EventRounds "9"]
[EventCountry "GER"]
[SourceTitle "EXT 1999"]
[Source "ChessBase"]
[SourceDate "1998.11.16"]
[SourceVersion "1"]
[SourceVersionDate "1998.11.16"]
[SourceQuality "1"]
[WhiteTeam "Waldkirchen TSV"]
[BlackTeam "Freising SK"]
[WhiteTeamCountry "GER"]
[BlackTeamCountry "GER"]

1. d4 f5 2. c4 Nf6 3. Nc3 g6 4. Nf3 Bg7 5. e3 0-0 6. Be2 d6 7. 0-0 c6 8. b4 e5 9. dxe5 dxe5 10. Qb3 Qc7 11. c5+ Kh8 12. Bb2 Qe7 13. Bc4 b5 14. cxb6 axb6 15. a4 Na6 16. Bxa6 Rxa6 17. b5 cxb5 18. Ba3 Qf7 19. Qxf7 Rxf7 20. Nxe5 Rb7 21. axb5 Ra8 22. Bf8 Rxa1 23. Bxg7+ Kxg7 24. Rxa1 Bd7 25. Nxd7 Rxd7 26. Rd1 Kf7 27. Rxd7+ Nxd7 28. f3 Ke6 29. Kf2 Kd6 30. e4 fxe4 31. fxe4 Kc5 32. Ke3 Kc4 33. Nd5 Kxb5 34. Kd4 Kc6 35. e5 Nf8 36. Nb4+ Kb5 37. Nd3 Kc6 38. Nb4+ Kb5 39. Nd3 1/2-1/2